Music Quiz

Random Music or Bands Quiz
Score 0/178 Timer 12:00
0 Plays Today
What Answer % Correct
Pre-chorusPre-chorus
100%
ChorusChorus
100%
ChorusChorus
100%
Verse 1you
92.1%
the
92.1%
the
92.1%
the
92.1%
the
92.1%
the
92.1%
the
92.1%
the
92.1%
the
92.1%
the
92.1%
and
89.5%
and
89.5%
and
89.5%
and
89.5%
and
89.5%
and
89.5%
me
89.5%
an
89.5%
and
89.5%
and
89.5%
I
86.8%
I
86.8%
I
86.8%
I
86.8%
I
86.8%
I
86.8%
I
86.8%
I'm
84.2%
to
84.2%
we
84.2%
I'm
84.2%
we
84.2%
I'm
84.2%
I'm
84.2%
I'm
84.2%
your
81.6%
your
81.6%
say
78.9%
say
78.9%
say
78.9%
no
78.9%
it
78.9%
a
78.9%
we're
78.9%
we're
78.9%
you're
78.9%
in
78.9%
we're
78.9%
we're
78.9%
we're
78.9%
that
76.3%
too
76.3%
can't
76.3%
my
76.3%
my
76.3%
my
76.3%
can't
76.3%
What Answer % Correct
know
76.3%
this
76.3%
one
76.3%
time
76.3%
can't
76.3%
know
76.3%
up
73.7%
is
73.7%
down
73.7%
so
73.7%
down
73.7%
they
73.7%
of
73.7%
out
73.7%
of
73.7%
so
73.7%
are
73.7%
they
73.7%
so
73.7%
out
73.7%
out
73.7%
so
73.7%
are
73.7%
of
73.7%
are
73.7%
of
73.7%
fall
71.1%
fall
71.1%
think
71.1%
complicated
68.4%
all
68.4%
all
68.4%
destination
68.4%
permanent
68.4%
vacation
68.4%
doing
68.4%
fine
68.4%
let's
68.4%
sing
68.4%
more
68.4%
destination
68.4%
permanent
68.4%
vacation
68.4%
all
68.4%
going
68.4%
just
68.4%
get
68.4%
all
68.4%
over
68.4%
new
68.4%
over
68.4%
new
68.4%
heart
65.8%
Chorushey
65.8%
line
65.8%
goes
65.8%
now
65.8%
generation
65.8%
generation
65.8%
hung
63.2%
What Answer % Correct
miseducated
63.2%
9
63.2%
5
63.2%
overrated
63.2%
sleep
63.2%
mind
63.2%
stop
63.2%
na (7X)
63.2%
make
63.2%
proud
63.2%
under
63.2%
proud
63.2%
Bridgecongratulations
63.2%
radio
63.2%
voice
63.2%
congratulations
63.2%
radio
63.2%
voice
63.2%
'cause
60.5%
keeps
60.5%
'cause
60.5%
keeps
60.5%
numb
60.5%
shaking
60.5%
need
60.5%
some
60.5%
kind
60.5%
believer
60.5%
another
60.5%
number
60.5%
stations
60.5%
corporations
60.5%
stations
60.5%
corporations
60.5%
breaking
57.9%
medication
57.9%
motivation
57.9%
underachiever
57.9%
right
57.9%
system's
57.9%
gutter
57.9%
taking
57.9%
taking
57.9%
racing
55.3%
hurts
55.3%
Pre-chorusfrustration
55.3%
coming
55.3%
calculations
55.3%
calculations
55.3%
chest
52.6%
situation
52.6%
Verse 2voices
52.6%
through
52.6%
desperation
50%
imitations
50%
imitations
50%
speakers
44.7%
watch
42.1%
Remove Ads.
Support Sporcle.
Get the best of Sporcle when you Go Orange. This ad-free experience offers more features, more stats, and more fun while also helping to support Sporcle. Thank you for becoming a member.

You're not logged in!

Compare scores with friends on all Sporcle quizzes.
OR
Log In

Sporcle TV

Today on Sporcle TV


Watch our educational content, quiz creation guides, and fun videos on Sporcle TV.

Show Comments

Extras

Top Quizzes Today


Score Distribution

Paid Content

Your Account Isn't Verified!

In order to create a playlist on Sporcle, you need to verify the email address you used during registration. Go to your Sporcle Settings to finish the process.

Report this User

Report this user for behavior that violates our Community Guidelines.

Details: